书目信息 |
| 书名: | The SENSE & NONSENSE ot PROVERBS | |
| 作者: | Jim Anton | |
| 分册号: | ||
| 分册名: | 出版地: | New York |
|
| 出版社: | sterling publishing Co | |
| 出版时间: | 1993 | |
| 页数: | 128p | |
| 开本: | 20cm | |
| 丛书名: | ||
| 中图分类号: | ||
| 科图分类号: | ||
| 其他分类号: | I106.7 | |
| 主题词: | ||
| 电子资源: | ||
| 000 | 00522nam0 2200193 450 | |
| 001 | 052012175747 | |
| 005 | 20121113150725.0 | |
| 008 | 20021229d1997 em y0chiy0121 ea | |
| 020 | @a0-80698-484-8@bhard@c$14.95 | |
| 041 | @aeng | |
| 091 | @aI106.7 | |
| 099 | @dI106.7@eJ614 | |
| 100 | @aJim Anton | |
| 245 | 10 | @aThe SENSE & NONSENSE ot PROVERBS @cJim Anton |
| 260 | @aNew York@bsterling publishing Co@c1993 | |
| 300 | @a128p@c20cm | |
| 521 | @aThe SENSE & NONSENSE ot PROVERBS | |
| 905 | @b11205 | |
| 905 | @aTSG@dI106.7@eJ614 | |
| The SENSE & NONSENSE ot PROVERBS / Jim Anton.-New York : sterling publishing Co , 1993 |
| 128p ; 20cm |
| The SENSE & NONSENSE ot PROVERBS |
| ISBN 0-80698-484-8hard$14.95 |
| ● |
| 相关链接 |
|
|
|
正题名:The SENSE & NONSENSE ot PROVERBS
索取号:I106.7/J614
 
预约/预借
| 序号 | 登录号 | 条形码 | 馆藏地/架位号 | 状态 | 备注 |